000 00577nam a2200193Ia 4500
001 21157
003 GE_BSU
008 181216s||||||||xx |||||||||||||| ||und||
040 _cGE_BSU
245 _aИнновации в образовании, №7 Июль 2017.
245 _cГл.ред.И.В. Сыромятников
260 _aМосква
260 _c2017
300 _a109 стр. 25 см.
653 _aИнновации в образовании, №7 Июль 2017.
653 _aПериодика
653 _aპერიოდიკა
942 _cCR
999 _c54102
_d54102